[Event "TUR-ch (Women)"]
[Site "Izmir"]
[Date "2023.10.21"]
[Round "8"]
[White "Somyurek, Irmak"]
[Black "Ozdemir, Cemre"]
[Result "1-0"]
[WhiteElo "1123"]
[BlackElo "1362"]
[PlyCount "23"]
[EventDate "2023.10.16"]
[EventType "tourn"]
[EventRounds "9"]
[EventCountry "TUR"]
[SourceTitle "Mega2024 Update 01"]
[Source "Chessbase"]
[SourceDate "2023.11.12"]
[SourceVersion "1"]
[SourceVersionDate "2023.11.12"]
[SourceQuality "1"]

1. e4 c5 2. Nf3 d6 3. d4 Nf6 4. Nc3 cxd4 5. Qxd4 a6 6. Bg5 Nc6 7. Qd3 Nd7 8. Be3 Nde5 9. Nxe5 Nxe5 10. Qd2 g6 11. Nd5 Nd7 12. Qc3 1-0

[Event "TUR-chT 2nd League"]
[Site "Konya"]
[Date "2019.07.28"]
[Round "9.8"]
[White "Goksu, Beyza"]
[Black "Ozdemir, Cemre"]
[Result "0-1"]
[WhiteElo "1107"]
[BlackElo "1409"]
[PlyCount "54"]
[EventDate "2019.07.22"]
[EventType "team-swiss"]
[EventRounds "9"]
[EventCountry "TUR"]
[SourceTitle "CBM 191 Extra"]
[Source "ChessBase"]
[SourceDate "2019.09.30"]
[SourceVersion "1"]
[SourceVersionDate "2019.09.30"]
[SourceQuality "1"]
[WhiteTeam "Ego Spor"]
[BlackTeam "Gaziantep Sader"]
[WhiteTeamCountry "TUR"]
[BlackTeamCountry "TUR"]

1. c4 c6 2. Nc3 Nf6 3. e3 d5 4. d4 e6 5. Nf3 Nbd7 6. Be2 dxc4 7. Bxc4 b5 8. Bb3 Bb7 9. Bd2 a6 10. Bc2 c5 11. dxc5 Nxc5 12. a3 Rc8 13. Qe2 Bd6 14. b4 Ncd7 15. Rc1 Nb6 16. e4 Nc4 17. Bg5 Nxa3 18. Na2 Qe7 19. e5 Bxb4+ 20. Nxb4 Qxb4+ 21. Bd2 Nxc2+ 22. Rxc2 Qb1+ 23. Qd1 Qxc2 24. exf6 Qxd1+ 25. Kxd1 gxf6 26. Nh4 Rg8 27. g3 Rc4 0-1

[Event "TUR-chT 2nd League"]
[Site "Konya"]
[Date "2018.07.20"]
[Round "7.14"]
[White "Ozdemir, Cemre"]
[Black "Ince, Fatma Ovgum"]
[Result "1-0"]
[WhiteElo "1346"]
[BlackElo "1697"]
[PlyCount "55"]
[EventDate "2018.07.16"]
[EventType "team-swiss"]
[EventRounds "9"]
[EventCountry "TUR"]
[SourceTitle "EXT 2019"]
[Source "ChessBase"]
[SourceDate "2018.10.10"]
[SourceVersion "1"]
[SourceVersionDate "2018.10.10"]
[SourceQuality "1"]
[WhiteTeam "Kahramanmaras Ustad"]
[BlackTeam "Adamlari Amator"]
[WhiteTeamCountry "TUR"]
[BlackTeamCountry "TUR"]

1. e4 d5 2. exd5 Qxd5 3. Nc3 Qa5 4. d4 e5 5. dxe5 Bb4 6. Bd2 Nc6 7. a3 Qxe5+ 8. Be2 Bxc3 9. Bxc3 Qg5 10. Nf3 Qh6 11. 0-0 Bd7 12. Bc4 Nge7 13. Re1 Rf8 14. Ne5 Nxe5 15. Rxe5 Qh4 16. Qe2 Be6 17. Bxe6 fxe6 18. Rxe6 Rf7 19. Re1 Rd8 20. g3 Qg5 21. h4 Qc5 22. Bb4 Qxf2+ 23. Qxf2 Rxf2 24. Kxf2 Rd2+ 25. Bxd2 Kf8 26. Rxe7 Kg8 27. Rxc7 b6 28. Re8# 1-0

[Event "TUR-chT 2nd League"]
[Site "Konya"]
[Date "2017.07.23"]
[Round "9.6"]
[White "Demir, Aleyna"]
[Black "Ozdemir, Cemre"]
[Result "1/2-1/2"]
[WhiteElo "1439"]
[BlackElo "1235"]
[PlyCount "70"]
[EventDate "2017.07.17"]
[EventType "team-swiss"]
[EventRounds "9"]
[EventCountry "TUR"]
[SourceTitle "EXT 2018"]
[Source "ChessBase"]
[SourceDate "2017.10.13"]
[SourceVersion "1"]
[SourceVersionDate "2017.10.13"]
[SourceQuality "1"]
[WhiteTeam "Konya Erkin"]
[BlackTeam "Kahramanmaras Ustad"]
[WhiteTeamCountry "TUR"]
[BlackTeamCountry "TUR"]

1. d4 d5 2. c4 c6 3. Nc3 Nf6 4. Bg5 e6 5. e3 Be7 6. Qc2 h6 7. Bf4 Nbd7 8. Bd3 0-0 9. Nge2 dxc4 10. Bxc4 b5 11. Bd3 a6 12. 0-0 Bb7 13. a3 c5 14. dxc5 Nxc5 15. Rfd1 Qb6 16. Nd4 Rfd8 17. Be2 Rac8 18. f3 Nd5 19. Nxd5 Bxd5 20. Qb1 Bd6 21. Bxd6 Qxd6 22. b4 Na4 23. Rc1 Nc3 24. Qb2 Nxe2+ 25. Qxe2 Rc4 26. Rd1 Qb6 27. Rac1 Rdc8 28. Rxc4 Rxc4 29. Kh1 Rc3 30. e4 Bc4 31. Qb2 Rd3 32. Rxd3 Bxd3 33. Qc3 Bc4 34. h3 Qd6 35. Qe3 Kh7 1/2-1/2